Statistiken für Hunt: Showdown Weapon Variants Rifles

Klicken Sie hier um das Quiz zu spielen!

Allgemein

  • Dieses Quiz wurde 12 mal gespielt
  • Das Durchschnittsergebnis liegt bei 317 aus 450

Antwortstatistiken

FrageKachelSelect% Korrekt
Winfield M1873CAlamoNein
100%
Winfield M1873CAvtomatNein
100%
Winfield M1873CBayonetNein
100%
Winfield M1873CHandcannonNein
100%
Winfield M1873CHatchetNein
100%
Winfield M1873CNo variantsNein
100%
Winfield M1873CObrezNein
100%
Winfield M1873CObrez DrumNein
100%
Winfield M1873CObrez MaceNein
100%
Winfield M1873CPistolNein
100%
Winfield M1873CShortyNein
100%
Winfield M1873CTalonNein
100%
Winfield M1873CApertureNein
92%
Winfield M1873CMusket BayonetNein
92%
Winfield M1873CSniperNein
92%
Winfield M1873CTraumaNein
92%
Winfield M1873CIronsightNein
83%
Winfield M1873CRiposteNein
83%
Winfield M1873CSwiftNein
83%
Lebel 1886AlamoNein
75%
Winfield M1876 CentennialAlamoNein
75%
Martini-Henry IC1AlamoNein
75%
Springfield 1866AlamoNein
75%
Winfield M1873AlamoNein
75%
Mosin-Nagant M1891AlamoNein
75%
Springfield M1892 KragAlamoNein
75%
Berthier CarbineAlamoNein
75%
Vetterli 71 KarabinerAlamoNein
75%
Sparks LRRAlamoNein
75%
Winfield 1887 TerminusAlamoNein
75%
Romero 77ApertureNein
75%
Springfield M1892 KragApertureNein
75%
Lebel 1886ApertureJa
75%
Winfield M1876 CentennialApertureNein
75%
Vetterli 71 KarabinerApertureNein
75%
Berthier CarbineApertureNein
75%
Sparks LRRApertureNein
75%
Springfield 1866ApertureNein
75%
Winfield 1887 TerminusApertureNein
75%
Martini-Henry IC1ApertureNein
75%
Mosin-Nagant M1891ApertureNein
75%
Lebel 1886AvtomatNein
75%
Winfield 1887 TerminusAvtomatNein
75%
Vetterli 71 KarabinerAvtomatNein
75%
Sparks LRRAvtomatNein
75%
Martini-Henry IC1AvtomatNein
75%
Springfield M1892 KragAvtomatNein
75%
Mosin-Nagant M1891AvtomatJa
75%
Winfield M1876 CentennialAvtomatNein
75%
Springfield 1866AvtomatNein
75%
Winfield M1873AvtomatNein
75%
Berthier CarbineAvtomatNein
75%
Romero 77AvtomatNein
75%
Winfield 1887 TerminusBayonetNein
75%
Sparks LRRBayonetNein
75%
Winfield M1876 CentennialBayonetNein
75%
Winfield M1873BayonetNein
75%
Lebel 1886BayonetNein
75%
Romero 77BayonetNein
75%
Martini-Henry IC1CompactNein
75%
Lebel 1886CompactNein
75%
Mosin-Nagant M1891CompactNein
75%
Sparks LRRCompactNein
75%
Romero 77CompactNein
75%
Vetterli 71 KarabinerCompactNein
75%
Springfield M1892 KragCompactNein
75%
Berthier CarbineCompactNein
75%
Vetterli 71 KarabinerDeadeyeJa
75%
Mosin-Nagant M1891DeadeyeNein
75%
Winfield M1876 CentennialDeadeyeNein
75%
Springfield M1892 KragDeadeyeNein
75%
Romero 77DeadeyeNein
75%
Winfield M1873DeadeyeNein
75%
Sparks LRRDeadeyeNein
75%
Winfield 1887 TerminusDeadeyeNein
75%
Lebel 1886DeadeyeNein
75%
Mosin-Nagant M1891HandcannonNein
75%
Vetterli 71 KarabinerHandcannonNein
75%
Springfield 1866HandcannonNein
75%
Sparks LRRHandcannonNein
75%
Winfield M1876 CentennialHandcannonNein
75%
Springfield M1892 KragHandcannonNein
75%
Winfield M1873HandcannonNein
75%
Lebel 1886HandcannonNein
75%
Martini-Henry IC1HandcannonNein
75%
Berthier CarbineHandcannonNein
75%
Sparks LRRHatchetNein
75%
Lebel 1886HatchetNein
75%
Romero 77HatchetJa
75%
Winfield M1876 CentennialHatchetNein
75%
Vetterli 71 KarabinerHatchetNein
75%
Springfield 1866HatchetNein
75%
Mosin-Nagant M1891HatchetNein
75%
Winfield M1873HatchetNein
75%
Berthier CarbineHatchetNein
75%
Winfield 1887 TerminusHatchetNein
75%
Springfield M1892 KragHatchetNein
75%
Springfield M1892 KragMarksmanNein
75%
Romero 77MarksmanNein
75%
Winfield 1887 TerminusMarksmanNein
75%
Vetterli 71 KarabinerMarksmanJa
75%
Sparks LRRMarksmanNein
75%
Lebel 1886MarksmanJa
75%
Springfield 1866MarksmanJa
75%
Winfield M1876 CentennialMusket BayonetNein
75%
Martini-Henry IC1Musket BayonetNein
75%
Lebel 1886Musket BayonetNein
75%
Romero 77Musket BayonetNein
75%
Sparks LRRMusket BayonetNein
75%
Winfield 1887 TerminusMusket BayonetNein
75%
Springfield M1892 KragMusket BayonetNein
75%
Springfield M1892 KragNo variantsNein
75%
Winfield M1876 CentennialNo variantsNein
75%
Springfield 1866No variantsNein
75%
Romero 77No variantsNein
75%
Berthier CarbineNo variantsNein
75%
Martini-Henry IC1No variantsNein
75%
Lebel 1886No variantsNein
75%
Winfield 1887 TerminusNo variantsNein
75%
Mosin-Nagant M1891No variantsNein
75%
Sparks LRRNo variantsNein
75%
Vetterli 71 KarabinerNo variantsNein
75%
Winfield M1873No variantsNein
75%
Springfield M1892 KragObrezNein
75%
Springfield 1866ObrezNein
75%
Winfield M1873ObrezNein
75%
Sparks LRRObrezNein
75%
Winfield 1887 TerminusObrezNein
75%
Lebel 1886ObrezNein
75%
Martini-Henry IC1ObrezNein
75%
Berthier CarbineObrezNein
75%
Winfield M1876 CentennialObrezNein
75%
Vetterli 71 KarabinerObrezNein
75%
Romero 77ObrezNein
75%
Sparks LRRObrez DrumNein
75%
Berthier CarbineObrez DrumNein
75%
Lebel 1886Obrez DrumNein
75%
Springfield M1892 KragObrez DrumNein
75%
Winfield M1873Obrez DrumNein
75%
Romero 77Obrez DrumNein
75%
Springfield 1866Obrez DrumNein
75%
Winfield 1887 TerminusObrez DrumNein
75%
Martini-Henry IC1Obrez DrumNein
75%
Vetterli 71 KarabinerObrez DrumNein
75%
Winfield M1876 CentennialObrez DrumNein
75%
Springfield 1866Obrez MaceNein
75%
Martini-Henry IC1Obrez MaceNein
75%
Winfield 1887 TerminusObrez MaceNein
75%
Lebel 1886Obrez MaceNein
75%
Mosin-Nagant M1891Obrez MaceJa
75%
Vetterli 71 KarabinerObrez MaceNein
75%
Berthier CarbineObrez MaceNein
75%
Winfield M1876 CentennialObrez MaceNein
75%
Springfield M1892 KragObrez MaceNein
75%
Winfield M1873Obrez MaceNein
75%
Romero 77Obrez MaceNein
75%
Sparks LRRObrez MaceNein
75%
Winfield 1887 TerminusPistolNein
75%
Martini-Henry IC1PistolNein
75%
Winfield M1873PistolNein
75%
Winfield M1876 CentennialPistolNein
75%
Mosin-Nagant M1891PistolNein
75%
Lebel 1886PistolNein
75%
Berthier CarbinePistolNein
75%
Springfield M1892 KragPistolNein
75%
Vetterli 71 KarabinerPistolNein
75%
Romero 77PistolNein
75%
Springfield 1866PistolNein
75%
Vetterli 71 KarabinerRiposteNein
75%
Mosin-Nagant M1891RiposteNein
75%
Romero 77RiposteNein
75%
Sparks LRRRiposteNein
75%
Springfield 1866RiposteNein
75%
Winfield M1876 CentennialRiposteNein
75%
Winfield 1887 TerminusRiposteNein
75%
Lebel 1886RiposteNein
75%
Springfield 1866ShortyNein
75%
Berthier CarbineShortyNein
75%
Lebel 1886ShortyNein
75%
Springfield M1892 KragShortyNein
75%
Mosin-Nagant M1891ShortyNein
75%
Martini-Henry IC1ShortyNein
75%
Winfield M1873ShortyNein
75%
Vetterli 71 KarabinerShortyNein
75%
Sparks LRRShortyNein
75%
Martini-Henry IC1SilencerNein
75%
Springfield 1866SilencerNein
75%
Springfield M1892 KragSilencerNein
75%
Mosin-Nagant M1891SilencerNein
75%
Lebel 1886SilencerNein
75%
Berthier CarbineSilencerNein
75%
Vetterli 71 KarabinerSilencerJa
75%
Winfield 1887 TerminusSilencerNein
75%
Romero 77SilencerNein
75%
Romero 77SniperNein
75%
Winfield 1887 TerminusSniperNein
75%
Berthier CarbineSniperNein
75%
Mosin-Nagant M1891SniperJa
75%
Springfield 1866SniperNein
75%
Sparks LRRSniperJa
75%
Winfield M1873SniperNein
75%
Springfield M1892 KragSniperJa
75%
Winfield M1876 CentennialStrikerNein
75%
Romero 77StrikerNein
75%
Lebel 1886StrikerNein
75%
Winfield 1887 TerminusStrikerNein
75%
Sparks LRRStrikerNein
75%
Mosin-Nagant M1891StrikerNein
75%
Springfield M1892 KragStrikerNein
75%
Winfield M1873StrikerNein
75%
Martini-Henry IC1StrikerNein
75%
Vetterli 71 KarabinerStrikerNein
75%
Berthier CarbineStrikerNein
75%
Winfield M1876 CentennialSwiftNein
75%
Vetterli 71 KarabinerSwiftNein
75%
Berthier CarbineSwiftNein
75%
Romero 77SwiftNein
75%
Mosin-Nagant M1891SwiftNein
75%
Lebel 1886SwiftNein
75%
Springfield M1892 KragSwiftNein
75%
Sparks LRRSwiftNein
75%
Martini-Henry IC1SwiftNein
75%
Winfield 1887 TerminusSwiftNein
75%
Springfield 1866SwiftNein
75%
Winfield 1887 TerminusTalonNein
75%
Vetterli 71 KarabinerTalonNein
75%
Berthier CarbineTalonNein
75%
Winfield M1876 CentennialTalonNein
75%
Springfield M1892 KragTalonNein
75%
Martini-Henry IC1TalonNein
75%
Mosin-Nagant M1891TalonNein
75%
Springfield 1866TalonNein
75%
Sparks LRRTalonNein
75%
Winfield 1887 TerminusTraumaNein
75%
Romero 77TraumaNein
75%
Mosin-Nagant M1891TraumaNein
75%
Lebel 1886TraumaNein
75%
Martini-Henry IC1TraumaNein
75%
Sparks LRRTraumaNein
75%
Berthier CarbineTraumaNein
75%
Springfield M1892 KragTraumaNein
75%
Springfield 1866TraumaNein
75%
Vetterli 71 KarabinerTraumaNein
75%
Winfield M1873TraumaNein
75%
Mosin-Nagant M1891VandalNein
75%
Vetterli 71 KarabinerVandalNein
75%
Lebel 1886VandalNein
75%
Winfield M1876 CentennialVandalNein
75%
Winfield M1873CVandalJa
75%
Martini-Henry IC1VandalNein
75%
Sparks LRRVandalNein
75%
Winfield 1887 TerminusVandalNein
75%
Springfield M1892 KragVandalNein
75%
Caldwell Rival 78AlamoNein
67%
Romero 77AlamoJa
67%
Nitro ExpressAlamoNein
67%
Winfield 1893 SlateAlamoNein
67%
Specter 1882AlamoNein
67%
Winfield M1873ApertureJa
67%
Specter 1882ApertureNein
67%
Winfield 1893 SlateApertureNein
67%
Nitro ExpressApertureNein
67%
Caldwell Rival 78ApertureNein
67%
Nitro ExpressAvtomatNein
67%
Caldwell Rival 78AvtomatNein
67%
Specter 1882AvtomatNein
67%
Winfield 1893 SlateAvtomatNein
67%
Martini-Henry IC1BayonetNein
67%
Nitro ExpressBayonetNein
67%
Caldwell Rival 78BayonetNein
67%
Berthier CarbineBayonetNein
67%
Springfield 1866CompactJa
67%
Winfield 1887 TerminusCompactNein
67%
Nitro ExpressCompactNein
67%
Winfield M1873CompactNein
67%
Winfield 1893 SlateCompactNein
67%
Caldwell Rival 78CompactNein
67%
Winfield 1893 SlateDeadeyeNein
67%
Nitro ExpressDeadeyeNein
67%
Caldwell Rival 78DeadeyeNein
67%
Springfield 1866DeadeyeJa
67%
Martini-Henry IC1DeadeyeJa
67%
Specter 1882DeadeyeNein
67%
Winfield 1893 SlateHandcannonNein
67%
Romero 77HandcannonJa
67%
Nitro ExpressHandcannonNein
67%
Nitro ExpressHatchetNein
67%
Martini-Henry IC1HatchetNein
67%
Specter 1882HatchetNein
67%
Winfield 1893 SlateHatchetNein
67%
Caldwell Rival 78HatchetNein
67%
Winfield 1893 SlateIronsightNein
67%
Romero 77IronsightNein
67%
Winfield M1873IronsightNein
67%
Winfield M1876 CentennialIronsightNein
67%
Springfield M1892 KragIronsightNein
67%
Sparks LRRIronsightNein
67%
Lebel 1886IronsightNein
67%
Berthier CarbineIronsightNein
67%
Winfield 1887 TerminusIronsightNein
67%
Nitro ExpressIronsightNein
67%
Mosin-Nagant M1891IronsightNein
67%
Springfield 1866IronsightNein
67%
Martini-Henry IC1MarksmanJa
67%
Specter 1882MarksmanNein
67%
Winfield M1876 CentennialMarksmanNein
67%
Caldwell Rival 78MarksmanNein
67%
Winfield 1893 SlateMarksmanNein
67%
Mosin-Nagant M1891MarksmanNein
67%
Nitro ExpressMarksmanNein
67%
Berthier CarbineMusket BayonetNein
67%
Vetterli 71 KarabinerMusket BayonetNein
67%
Springfield 1866Musket BayonetNein
67%
Nitro ExpressMusket BayonetNein
67%
Specter 1882Musket BayonetNein
67%
Winfield 1893 SlateMusket BayonetNein
67%
Caldwell Rival 78Musket BayonetNein
67%
Caldwell Rival 78No variantsNein
67%
Nitro ExpressNo variantsJa
67%
Specter 1882No variantsNein
67%
Mosin-Nagant M1891ObrezJa
67%
Caldwell Rival 78ObrezNein
67%
Winfield 1893 SlateObrezNein
67%
Specter 1882ObrezNein
67%
Nitro ExpressObrezNein
67%
Caldwell Rival 78Obrez DrumNein
67%
Nitro ExpressObrez DrumNein
67%
Specter 1882Obrez DrumNein
67%
Winfield 1893 SlateObrez DrumNein
67%
Nitro ExpressObrez MaceNein
67%
Winfield 1893 SlateObrez MaceNein
67%
Caldwell Rival 78Obrez MaceNein
67%
Specter 1882Obrez MaceNein
67%
Specter 1882PistolNein
67%
Winfield 1893 SlatePistolNein
67%
Sparks LRRPistolJa
67%
Nitro ExpressPistolNein
67%
Caldwell Rival 78PistolNein
67%
Springfield M1892 KragRiposteNein
67%
Winfield M1873RiposteNein
67%
Caldwell Rival 78RiposteNein
67%
Nitro ExpressRiposteNein
67%
Winfield M1876 CentennialShortyJa
67%
Winfield 1893 SlateShortyNein
67%
Nitro ExpressShortyNein
67%
Romero 77ShortyNein
67%
Specter 1882SilencerNein
67%
Winfield 1893 SlateSilencerNein
67%
Caldwell Rival 78SilencerNein
67%
Sparks LRRSilencerJa
67%
Nitro ExpressSilencerNein
67%
Martini-Henry IC1SniperNein
67%
Vetterli 71 KarabinerSniperNein
67%
Winfield 1893 SlateSniperNein
67%
Lebel 1886SniperNein
67%
Nitro ExpressSniperNein
67%
Winfield M1876 CentennialSniperJa
67%
Caldwell Rival 78SniperNein
67%
Specter 1882SniperNein
67%
Winfield M1873CStrikerJa
67%
Specter 1882StrikerNein
67%
Nitro ExpressStrikerNein
67%
Winfield 1893 SlateStrikerNein
67%
Caldwell Rival 78StrikerNein
67%
Specter 1882SwiftNein
67%
Winfield 1893 SlateSwiftNein
67%
Caldwell Rival 78SwiftNein
67%
Nitro ExpressSwiftNein
67%
Caldwell Rival 78TalonNein
67%
Nitro ExpressTalonNein
67%
Specter 1882TalonNein
67%
Winfield 1893 SlateTalonNein
67%
Winfield M1876 CentennialTraumaJa
67%
Caldwell Rival 78TraumaNein
67%
Winfield 1893 SlateTraumaNein
67%
Nitro ExpressTraumaNein
67%
Specter 1882TraumaNein
67%
Specter 1882VandalNein
67%
Berthier CarbineVandalNein
67%
Springfield 1866VandalNein
67%
Romero 77VandalNein
67%
Nitro ExpressVandalNein
67%
Winfield 1893 SlateVandalNein
67%
Caldwell Rival 78VandalNein
67%
Crown & King Auto-5AlamoNein
58%
Crown & King Auto-5ApertureNein
58%
Crown & King Auto-5AvtomatNein
58%
Springfield 1866BayonetNein
58%
Crown & King Auto-5BayonetNein
58%
Springfield M1892 KragBayonetJa
58%
Specter 1882BayonetJa
58%
Crown & King Auto-5CompactNein
58%
Winfield M1876 CentennialCompactNein
58%
Crown & King Auto-5DeadeyeNein
58%
Berthier CarbineDeadeyeJa
58%
Crown & King Auto-5HandcannonNein
58%
Caldwell Rival 78HandcannonJa
58%
Crown & King Auto-5HatchetNein
58%
Caldwell Rival 78IronsightNein
58%
Martini-Henry IC1IronsightJa
58%
Vetterli 71 KarabinerIronsightNein
58%
Specter 1882IronsightNein
58%
Crown & King Auto-5IronsightNein
58%
Crown & King Auto-5MarksmanNein
58%
Berthier CarbineMarksmanNein
58%
Crown & King Auto-5Musket BayonetNein
58%
Mosin-Nagant M1891Musket BayonetNein
58%
Crown & King Auto-5No variantsJa
58%
Crown & King Auto-5ObrezNein
58%
Mosin-Nagant M1891Obrez DrumJa
58%
Crown & King Auto-5Obrez DrumNein
58%
Crown & King Auto-5Obrez MaceNein
58%
Crown & King Auto-5PistolNein
58%
Berthier CarbineRiposteJa
58%
Specter 1882RiposteNein
58%
Martini-Henry IC1RiposteJa
58%
Crown & King Auto-5RiposteNein
58%
Crown & King Auto-5ShortyNein
58%
Specter 1882ShortyNein
58%
Caldwell Rival 78ShortyNein
58%
Winfield 1887 TerminusShortyNein
58%
Winfield M1873CSilencerJa
58%
Crown & King Auto-5SilencerNein
58%
Winfield M1873SilencerNein
58%
Crown & King Auto-5SniperNein
58%
Crown & King Auto-5StrikerNein
58%
Crown & King Auto-5SwiftNein
58%
Winfield M1873SwiftJa
58%
Crown & King Auto-5TalonNein
58%
Lebel 1886TalonJa
58%
Crown & King Auto-5TraumaNein
58%
Winfield M1873VandalNein
58%
Crown & King Auto-5VandalNein
58%
Mosin-Nagant M1891BayonetJa
50%
Winfield 1887 TerminusHandcannonJa
50%
Winfield M1873MarksmanNein
50%
Winfield M1873CMarksmanJa
50%
Winfield M1873Musket BayonetJa
50%
Winfield M1876 CentennialSilencerJa
50%
Springfield 1866StrikerJa
50%
Romero 77TalonJa
50%
Winfield 1893 SlateBayonetNein
42%
Vetterli 71 KarabinerBayonetJa
42%
Winfield M1873CCompactNein
42%
Specter 1882HandcannonNein
42%
Specter 1882CompactJa
33%
Winfield M1873CDeadeyeJa
33%
Winfield 1893 SlateRiposteNein
33%
Winfield M1873TalonJa
33%
Winfield 1893 SlateNo variantsJa
8%

Verteilung der Resultate

Perzentil nach korrekt beantworteten Fragen

Anzahl Personen mit jedem Resultat

Ihre Resultats-Entwicklung

Sie haben dieses Quiz noch nicht gespielt